Boy + Letter = Girl Quiz Stats

 Plays Quiz Updated Mar 5, 2019

Score 0/26 Timer 07:00
2 Plays Today
Peak Year Boy Name / Girl Name % Correct
1st in 1998Michael / Michaela
49.2%
47th in 1995Alex / Alexa
41.5%
12th in 1931Paul / Paula
40.8%
86th in 1881Dan / Dana
40.6%
1st in 1953Robert / Roberta
37.6%
22nd in 1915Carl / Carla
28.3%
22nd in 1915Carl / Carly
28.3%
5th in 2008Daniel / Daniela
27.4%
13th in 1976Eric / Erica
24.4%
119th in 1984Andre / Andrea
19.5%
8th in 1977Brian / Briana
19.3%
18th in 1882Louis / Louise
15.8%
40th in 1951Alan / Alana
13.7%
Peak Year Boy Name / Girl Name % Correct
27th in 1973Shawn / Shawna
12%
18th in 1990Kyle / Kylee
11.1%
48th in 1965Tony / Tonya
10.1%
30th in 2006Angel / Angela
9.6%
14th in 1910Albert / Alberta
9.5%
21st in 2010Gabriel / Gabriela
9.5%
90th in 1881Emil / Emily
9%
64th in 1980Erik / Erika
7.5%
73rd in 1926Leon / Leona
6.4%
56th in 2010Adrian / Adriana
6.4%
53rd in 2010Julian / Juliana
6.1%
103rd in 1980Mario / Marion
5.1%
141st in 1941Lynn / Lynne
4%

You're not logged in!

Compare scores with friends on all Sporcle quizzes.
OR
Log In

Sporcle TV

Today on Sporcle TV


Watch our educational content, quiz creation guides, and fun videos on Sporcle TV.

Show Comments

Extras

Top Quizzes Today


Score Distribution

Your Account Isn't Verified!

In order to create a playlist on Sporcle, you need to verify the email address you used during registration. Go to your Sporcle Settings to finish the process.

Report this User

Report this user for behavior that violates our Community Guidelines.

Details: